Normal view MARC view

Entry Meeting Name

Number of records used in: 1

001 - CONTROL NUMBER

  • control field: 17032

003 - CONTROL NUMBER IDENTIFIER

  • control field: OSt

005 - DATE AND TIME OF LATEST TRANSACTION

  • control field: 20211105134120.0

008 - FIXED-LENGTH DATA ELEMENTS

  • fixed length control field: 211105|| aca||aabn | a|a d

040 ## - CATALOGING SOURCE

  • Original cataloging agency: OSt
  • Transcribing agency: OSt

111 ## - HEADING--MEETING NAME

  • Meeting name or jurisdiction name as entry element: Symposium on Basic Plasma Processes on the Sun of the International Astronomical Union
  • Number of part/section/meeting: 142nd
  • Location of meeting: Bangalore, India
  • Date of meeting or treaty signing: 1989 Dec. 1-5

670 ## - SOURCE DATA FOUND

  • Source citation: Work cat.: (OSt): Symposium on Basic Plasma Processes on the Sun of the International Astronomical Union 142nd Bangalore, India 1989 Dec. 1-5, Basic plasma processes on the sun, 1990

Powered by Koha